China and global governance/ (Record no. 586510)
[ view plain ]
| 000 -LEADER | |
|---|---|
| fixed length control field | 00395nam a22001337a 4500 |
| 020 ## - INTERNATIONAL STANDARD BOOK NUMBER | |
| International Standard Book Number | 978-7508541389 |
| 040 ## - CATALOGING SOURCE | |
| Transcribing agency | NUST CL |
| 082 ## - DEWEY DECIMAL CLASSIFICATION NUMBER | |
| Classification number | 337.51 |
| Author Mark | YAF |
| 100 ## - MAIN ENTRY--PERSONAL NAME | |
| Personal name | Yafei , He |
| 9 (RLIN) | 83142 |
| 245 ## - TITLE STATEMENT | |
| Title | China and global governance/ |
| Statement of responsibility, etc. | He Yafei |
| 260 ## - PUBLICATION, DISTRIBUTION, ETC. | |
| Place of publication, distribution, etc. | Singapore : |
| Name of publisher, distributor, etc. | Cengage Learning Asia Pte Ltd, |
| Date of publication, distribution, etc. | 2019. |
| 300 ## - PHYSICAL DESCRIPTION | |
| Extent | xxi, 202 pages : color illustrations, 1 online resource. |
| 942 ## - ADDED ENTRY ELEMENTS (KOHA) | |
| Source of classification or shelving scheme | |
| Koha item type | Book |
| Withdrawn status | Lost status | Source of classification or shelving scheme | Damaged status | Not for loan | Permanent Location | Current Location | Shelving location | Date acquired | Full call number | Barcode | Date last seen | Price effective from | Koha item type | Total Checkouts | Materials specified (bound volume or other part) | Source of acquisition |
|---|---|---|---|---|---|---|---|---|---|---|---|---|---|---|---|---|
| Central Library (CL) | Central Library (CL) | Chinese Studies | 10/06/2021 | 337.51 YAF | CL-D-1251 | 10/14/2021 | 10/14/2021 | Book | ||||||||
| Central Library (CL) | Central Library (CL) | Chinese Studies | 10/06/2021 | 337.51 YAF | CL-D-1252 | 10/14/2021 | 10/14/2021 | Book | ||||||||
| Central Library (CL) | Central Library (CL) | Chinese Studies | 11/29/2025 | 337.51 YAF | CL-D-3130 | 11/29/2025 | 11/29/2025 | Book | Donated by China Study Centre (CSC) - S3H NUST | Donation | ||||||
| NUST Law School (NLS) | NUST Law School (NLS) | 07/17/2025 | 337.51 YAF | NLSD-308 | 07/17/2025 | 07/17/2025 | Book |
